[Event "Tournoi International du Pays de Charleroi 2018"]
[Site "Roux, Belgium"]
[Date "2018.07.28"]
[Round "1.4"]
[White "Kasparov, Sergey"]
[Black "Mueller, Martin"]
[Result "1-0"]
[WhiteTitle "IM"]
[WhiteElo "2449"]
[BlackElo "2078"]

1. e4 {[%clk 01:30:57]} {[%emt 00:00:01]} c6 {[%clk 01:30:53]} {[%emt
00:00:08]} 2. d4 {[%clk 01:31:21]} {[%emt 00:00:05]} d5 {[%clk 01:31:18]}
{[%emt 00:00:05]} 3. Nc3 {[%clk 01:31:46]} {[%emt 00:00:06]} dxe4 {[%clk
01:31:42]} {[%emt 00:00:06]} 4. Nxe4 {[%clk 01:32:13]} {[%emt 00:00:02]} Bf5
{[%clk 01:32:05]} {[%emt 00:00:08]} 5. Ng3 {[%clk 01:32:30]} {[%emt 00:00:13]}
Bg6 {[%clk 01:32:29]} {[%emt 00:00:06]} 6. Nh3 {[%clk 01:32:50]} {[%emt
00:00:10]} Nd7 {[%clk 01:30:51]} {[%emt 00:02:07]} 7. c3 {[%clk 01:28:02]}
{[%emt 00:05:18]} e6 {[%clk 01:25:34]} {[%emt 00:05:48]} 8. Nf4 {[%clk
01:28:05]} {[%emt 00:00:26]} Bd6 {[%clk 01:20:51]} {[%emt 00:05:14]} 9. Nxg6
{[%clk 01:24:59]} {[%emt 00:03:36]} hxg6 {[%clk 01:21:09]} {[%emt 00:00:11]} 10.
Ne4 {[%clk 01:25:11]} {[%emt 00:00:18]} Qc7 {[%clk 01:18:05]} {[%emt 00:03:34]}
11. g3 {[%clk 01:23:41]} {[%emt 00:02:00]} Ngf6 {[%clk 01:10:47]} {[%emt
00:07:49]} 12. Nxd6+ {[%clk 01:23:20]} {[%emt 00:00:51]} Qxd6 {[%clk 01:11:11]}
{[%emt 00:00:05]} 13. Bg2 {[%clk 01:23:41]} {[%emt 00:00:08]} e5 {[%clk
01:09:05]} {[%emt 00:02:37]} 14. O-O {[%clk 01:22:56]} {[%emt 00:01:15]} O-O
{[%clk 01:05:43]} {[%emt 00:03:52]} 15. Be3 {[%clk 01:17:23]} {[%emt 00:06:04]}
Rfe8 {[%clk 00:53:19]} {[%emt 00:12:53]} 16. dxe5 {[%clk 01:16:40]} {[%emt
00:01:13]} Qxd1 {[%clk 00:53:16]} {[%emt 00:00:34]} 17. Raxd1 {[%clk 01:16:55]}
{[%emt 00:00:14]} Nxe5 {[%clk 00:53:36]} {[%emt 00:00:10]} 18. Rfe1 {[%clk
01:14:54]} {[%emt 00:02:30]} Nc4 {[%clk 00:52:55]} {[%emt 00:01:11]} 19. Bc1
{[%clk 01:15:12]} {[%emt 00:00:12]} Rxe1+ {[%clk 00:52:12]} {[%emt 00:01:15]}
20. Rxe1 {[%clk 01:14:41]} {[%emt 00:01:01]} Re8 {[%clk 00:52:38]} {[%emt
00:00:03]} 21. Rxe8+ {[%clk 01:14:41]} {[%emt 00:00:31]} Nxe8 {[%clk 00:53:04]}
{[%emt 00:00:04]} 22. b3 {[%clk 01:14:50]} {[%emt 00:00:20]} Ncd6 {[%clk
00:49:22]} {[%emt 00:04:12]} 23. Kf1 {[%clk 01:13:37]} {[%emt 00:01:43]} Nf6
{[%clk 00:33:12]} {[%emt 00:16:40]} 24. Ke2 {[%clk 01:13:06]} {[%emt 00:00:59]}
Nf5 {[%clk 00:29:42]} {[%emt 00:04:01]} 25. h3 {[%clk 01:11:26]} {[%emt
00:02:11]} Nd7 {[%clk 00:29:09]} {[%emt 00:01:04]} 26. g4 {[%clk 01:10:47]}
{[%emt 00:01:09]} Nd6 {[%clk 00:26:41]} {[%emt 00:02:57]} 27. Bf4 {[%clk
01:10:31]} {[%emt 00:00:45]} Nc8 {[%clk 00:24:36]} {[%emt 00:02:36]} 28. b4
{[%clk 01:08:49]} {[%emt 00:02:12]} a6 {[%clk 00:17:48]} {[%emt 00:07:19]} 29.
a4 {[%clk 01:06:43]} {[%emt 00:02:35]} Ndb6 {[%clk 00:14:50]} {[%emt 00:03:28]}
30. a5 {[%clk 01:06:14]} {[%emt 00:01:00]} Nc4 {[%clk 00:10:56]} {[%emt
00:04:24]} 31. Kd3 {[%clk 01:06:04]} {[%emt 00:00:39]} N4d6 {[%clk 00:09:31]}
{[%emt 00:01:55]} 32. c4 {[%clk 01:04:09]} {[%emt 00:02:25]} Kf8 {[%clk
00:09:26]} {[%emt 00:00:36]} 33. Be3 {[%clk 01:03:58]} {[%emt 00:00:40]} Ke8
{[%clk 00:09:15]} {[%emt 00:00:42]} 34. f4 {[%clk 01:03:12]} {[%emt 00:01:15]}
f6 {[%clk 00:06:42]} {[%emt 00:03:03]} 35. Bd4 {[%clk 01:02:38]} {[%emt
00:01:03]} Kf7 {[%clk 00:05:39]} {[%emt 00:01:32]} 36. Bf3 {[%clk 01:01:07]}
{[%emt 00:02:02]} Kf8 {[%clk 00:04:48]} {[%emt 00:01:22]} 37. Bc5 {[%clk
01:00:52]} {[%emt 00:00:45]} Ke8 {[%clk 00:03:50]} {[%emt 00:01:28]} 38. h4
{[%clk 00:56:41]} {[%emt 00:04:41]} Kf7 {[%clk 00:03:35]} {[%emt 00:00:46]} 39.
Bg2 {[%clk 00:56:31]} {[%emt 00:00:39]} Ke8 {[%clk 00:03:22]} {[%emt 00:00:44]}
40. Bh3 {[%clk 00:55:35]} {[%emt 00:01:25]} f5 {[%clk 00:00:53]} {[%emt
00:02:59]} 41. gxf5 {[%clk 00:54:24]} {[%emt 00:01:41]} gxf5 {[%clk 00:26:54]}
{[%emt 00:04:29]} 42. Bxd6 {[%clk 01:23:36]} {[%emt 00:01:18]} Nxd6 {[%clk
00:26:53]} {[%emt 00:00:31]} 43. c5 {[%clk 01:24:02]} {[%emt 00:00:04]} Nc8
{[%clk 00:25:57]} {[%emt 00:01:25]} 44. Bxf5 {[%clk 01:23:40]} {[%emt
00:00:52]} Ne7 {[%clk 00:26:23]} {[%emt 00:00:05]} 45. Ke4 {[%clk 01:21:45]}
{[%emt 00:02:24]} Nd5 {[%clk 00:21:10]} {[%emt 00:05:44]} 46. Bc8 {[%clk
01:14:40]} {[%emt 00:07:35]} Nxb4 {[%clk 00:19:08]} {[%emt 00:02:33]} 47. Bxb7
{[%clk 01:14:37]} {[%emt 00:00:32]} Kd7 {[%clk 00:19:27]} {[%emt 00:00:11]} 48.
f5 {[%clk 01:12:50]} {[%emt 00:02:17]} Kc7 {[%clk 00:19:24]} {[%emt 00:00:33]}
49. f6 {[%clk 01:12:57]} {[%emt 00:00:23]} gxf6 {[%clk 00:19:16]} {[%emt
00:00:38]} 50. h5 {[%clk 01:13:03]} {[%emt 00:00:24]} 1-0

[Event "Tournoi International du Pays de Charleroi 2018"]
[Site "Roux, Belgium"]
[Date "2018.07.28"]
[Round "1.1"]
[White "Thirion, Marcel"]
[Black "Gurevich, Mikhail"]
[Result "0-1"]
[BlackTitle "GM"]
[WhiteElo "2100"]
[BlackElo "2569"]

1. d4 {[%emt 00:00:02]} f5 {[%emt 00:00:19]} 2. Nc3 {[%clk 01:30:26]} {[%emt
00:00:12]} Nf6 {[%clk 01:30:45]} {[%emt 00:00:16]} 3. Bg5 {[%clk 01:30:40]}
{[%emt 00:00:16]} d5 {[%clk 01:31:07]} {[%emt 00:00:08]} 4. Bxf6 {[%clk
01:30:31]} {[%emt 00:00:39]} exf6 {[%clk 01:31:29]} {[%emt 00:00:08]} 5. e3
{[%clk 01:30:23]} {[%emt 00:00:38]} Be6 {[%clk 01:31:34]} {[%emt 00:00:24]} 6.
Qf3 {[%clk 01:29:39]} {[%emt 00:01:14]} Nc6 {[%clk 01:27:52]} {[%emt 00:04:13]}
7. Bb5 {[%clk 01:29:14]} {[%emt 00:00:54]} Qd7 {[%clk 01:24:34]} {[%emt
00:03:48]} 8. Nge2 {[%clk 01:27:40]} {[%emt 00:02:04]} a6 {[%clk 01:24:53]}
{[%emt 00:00:11]} 9. Ba4 {[%clk 01:26:58]} {[%emt 00:01:13]} b5 {[%clk
01:23:21]} {[%emt 00:02:03]} 10. Bb3 {[%clk 01:27:15]} {[%emt 00:00:12]} Bb4
{[%clk 01:23:45]} {[%emt 00:00:06]} 11. a3 {[%clk 01:19:13]} {[%emt 00:08:32]}
Ba5 {[%clk 01:23:11]} {[%emt 00:01:03]} 12. O-O {[%clk 01:15:37]} {[%emt
00:04:07]} Ne7 {[%clk 01:23:22]} {[%emt 00:00:18]} 13. Na2 {[%clk 01:02:28]}
{[%emt 00:13:40]} c6 {[%clk 01:07:44]} {[%emt 00:16:08]} 14. Nb4 {[%clk
01:02:01]} {[%emt 00:00:57]} O-O {[%clk 01:02:36]} {[%emt 00:05:39]} 15. Nd3
{[%clk 00:59:42]} {[%emt 00:02:49]} Bf7 {[%clk 00:57:43]} {[%emt 00:05:23]} 16.
Nc5 {[%clk 00:58:28]} {[%emt 00:01:43]} Qe8 {[%clk 00:57:56]} {[%emt 00:00:15]}
17. Ng3 {[%clk 00:50:34]} {[%emt 00:08:26]} g6 {[%clk 00:57:51]} {[%emt
00:00:35]} 18. c3 {[%clk 00:48:34]} {[%emt 00:02:30]} Nc8 {[%clk 00:55:31]}
{[%emt 00:02:50]} 19. Qf4 {[%clk 00:42:45]} {[%emt 00:06:19]} Qe7 {[%clk
00:52:05]} {[%emt 00:03:56]} 20. Rae1 {[%clk 00:39:11]} {[%emt 00:04:03]} Bc7
{[%clk 00:47:14]} {[%emt 00:05:21]} 21. Qh4 {[%clk 00:38:47]} {[%emt 00:00:54]}
Nd6 {[%clk 00:46:59]} {[%emt 00:00:46]} 22. f3 {[%clk 00:37:04]} {[%emt
00:02:12]} Rfe8 {[%clk 00:31:20]} {[%emt 00:16:09]} 23. e4 {[%clk 00:31:51]}
{[%emt 00:05:43]} dxe4 {[%clk 00:31:18]} {[%emt 00:00:32]} 24. Bxf7+ {[%clk
00:32:09]} {[%emt 00:00:12]} Nxf7 {[%clk 00:28:22]} {[%emt 00:03:25]} 25. fxe4
{[%clk 00:28:24]} {[%emt 00:04:16]} f4 {[%clk 00:28:46]} {[%emt 00:00:06]} 26.
Nh1 {[%clk 00:27:04]} {[%emt 00:01:50]} Bd6 {[%clk 00:23:06]} {[%emt 00:06:11]}
27. b4 {[%clk 00:26:01]} {[%emt 00:01:33]} a5 {[%clk 00:22:23]} {[%emt
00:01:13]} 28. g3 {[%clk 00:24:42]} {[%emt 00:01:49]} axb4 {[%clk 00:21:50]}
{[%emt 00:01:04]} 29. axb4 {[%clk 00:25:04]} {[%emt 00:00:08]} Ra3 {[%clk
00:18:29]} {[%emt 00:03:50]} 30. Rf3 {[%clk 00:20:53]} {[%emt 00:04:40]} Ng5
{[%clk 00:17:32]} {[%emt 00:01:27]} 31. Rd3 {[%clk 00:21:07]} {[%emt 00:00:16]}
f5 {[%clk 00:15:50]} {[%emt 00:02:12]} 32. e5 {[%clk 00:20:02]} {[%emt
00:01:35]} Bxc5 {[%clk 00:16:16]} {[%emt 00:00:05]} 33. dxc5 {[%clk 00:18:22]}
{[%emt 00:02:10]} Rd8 {[%clk 00:16:41]} {[%emt 00:00:05]} 34. Rxd8+ {[%clk
00:15:08]} {[%emt 00:03:45]} Qxd8 {[%clk 00:17:04]} {[%emt 00:00:06]} 35. Rf1
{[%clk 00:13:19]} {[%emt 00:02:19]} Rxc3 {[%clk 00:15:19]} {[%emt 00:02:15]} 36.
Qh6 {[%clk 00:12:19]} {[%emt 00:01:29]} fxg3 {[%clk 00:05:27]} {[%emt
00:10:22]} 37. Nxg3 {[%clk 00:10:29]} {[%emt 00:02:21]} Qd4+ {[%clk 00:05:26]}
{[%emt 00:00:30]} 38. Kh1 {[%clk 00:08:17]} {[%emt 00:02:43]} Qd5 {[%clk
00:05:43]} {[%emt 00:00:11]} 39. Kg1 {[%clk 00:08:18]} {[%emt 00:00:30]} Rc2
{[%clk 00:05:31]} {[%emt 00:00:42]} 40. Ne2 {[%clk 00:05:01]} {[%emt 00:03:48]}
Qd2 {[%clk 00:05:23]} {[%emt 00:00:37]} 41. Nf4 {[%clk 00:04:10]} {[%emt
00:01:21]} Nf3+ {[%clk 00:05:41]} {[%emt 00:00:12]} 42. Rxf3 {[%clk 00:02:59]}
{[%emt 00:01:42]} Qd4+ {[%clk 00:06:05]} {[%emt 00:00:05]} 0-1

[Event "Tournoi International du Pays de Charleroi 2018"]
[Site "Roux, Belgium"]
[Date "2018.07.28"]
[Round "1.6"]
[White "Inkiov, Ventzislav"]
[Black "Huynh, Laurent"]
[Result "1-0"]
[WhiteTitle "GM"]
[WhiteElo "2432"]
[BlackElo "2071"]

1. d4 {[%clk 01:30:45]} {[%emt 00:00:14]} Nf6 {[%clk 01:30:38]} {[%emt
00:00:22]} 2. c4 {[%clk 01:31:06]} {[%emt 00:00:09]} e6 {[%clk 01:30:37]}
{[%emt 00:00:31]} 3. Nf3 {[%clk 01:31:29]} {[%emt 00:00:07]} b6 {[%clk
01:30:29]} {[%emt 00:00:38]} 4. g3 {[%clk 01:31:52]} {[%emt 00:00:07]} Ba6
{[%clk 01:30:04]} {[%emt 00:00:54]} 5. Qa4 {[%clk 01:32:15]} {[%emt 00:00:07]}
Bb7 {[%clk 01:30:11]} {[%emt 00:00:24]} 6. Bg2 {[%clk 01:32:36]} {[%emt
00:00:08]} Be7 {[%clk 01:25:58]} {[%emt 00:04:44]} 7. O-O {[%clk 01:31:50]}
{[%emt 00:01:16]} O-O {[%clk 01:25:38]} {[%emt 00:00:49]} 8. Rd1 {[%clk
01:28:23]} {[%emt 00:03:57]} d5 {[%clk 01:13:21]} {[%emt 00:12:48]} 9. cxd5
{[%clk 01:27:42]} {[%emt 00:01:11]} exd5 {[%clk 01:11:22]} {[%emt 00:02:29]} 10.
Ne5 {[%clk 01:25:54]} {[%emt 00:02:18]} Nfd7 {[%clk 01:09:31]} {[%emt
00:02:21]} 11. Nc3 {[%clk 01:23:18]} {[%emt 00:03:06]} c6 {[%clk 01:07:11]}
{[%emt 00:02:50]} 12. e4 {[%clk 01:22:30]} {[%emt 00:01:18]} dxe4 {[%clk
00:51:03]} {[%emt 00:16:39]} 13. Nxe4 {[%clk 01:22:16]} {[%emt 00:00:43]} Qe8
{[%clk 00:16:34]} {[%emt 00:34:59]} 14. Bf4 {[%clk 01:16:36]} {[%emt 00:06:10]}
Nxe5 {[%clk 00:16:26]} {[%emt 00:00:39]} 15. dxe5 {[%clk 01:16:56]} {[%emt
00:00:09]} Na6 {[%clk 00:16:12]} {[%emt 00:00:45]} 16. Qc2 {[%clk 01:14:37]}
{[%emt 00:02:48]} Nb4 {[%clk 00:16:15]} {[%emt 00:00:28]} 17. Qd2 {[%clk
01:07:05]} {[%emt 00:08:00]} Nd5 {[%clk 00:14:52]} {[%emt 00:01:54]} 18. Nd6
{[%clk 01:07:13]} {[%emt 00:00:22]} Bxd6 {[%clk 00:15:05]} {[%emt 00:00:18]} 19.
exd6 {[%clk 01:07:37]} {[%emt 00:00:06]} Qd7 {[%clk 00:14:55]} {[%emt
00:00:40]} 20. Rac1 {[%clk 01:05:40]} {[%emt 00:02:26]} Nxf4 {[%clk 00:09:23]}
{[%emt 00:06:03]} 21. Qxf4 {[%clk 01:05:37]} {[%emt 00:00:32]} Rad8 {[%clk
00:09:31]} {[%emt 00:00:22]} 22. b4 {[%clk 01:04:57]} {[%emt 00:01:10]} h6
{[%clk 00:06:33]} {[%emt 00:03:29]} 23. Bf3 {[%clk 01:04:07]} {[%emt 00:01:19]}
Kh8 {[%clk 00:04:21]} {[%emt 00:02:42]} 24. Rd2 {[%clk 00:57:58]} {[%emt
00:06:38]} f5 {[%clk 00:04:24]} {[%emt 00:00:28]} 25. h4 {[%clk 00:49:26]}
{[%emt 00:09:02]} Rf6 {[%clk 00:03:47]} {[%emt 00:01:06]} 26. Re1 {[%clk
00:49:14]} {[%emt 00:00:42]} Rxd6 {[%clk 00:01:08]} {[%emt 00:03:10]} 27. Rxd6
{[%clk 00:49:33]} Qxd6 {[%clk 00:01:08]} 28. Re8 1-0

[Event "Tournoi International du Pays de Charleroi 2018"]
[Site "Roux, Belgium"]
[Date "2018.07.28"]
[Round "1.9"]
[White "Van Uytven, Eric"]
[Black "Kukov, Velislav"]
[Result "0-1"]
[BlackTitle "IM"]
[WhiteElo "2046"]
[BlackElo "2382"]

1. d4 {[%clk 01:30:44]} {[%emt 00:00:14]} Nf6 {[%clk 01:30:49]} {[%emt
00:00:12]} 2. c4 {[%clk 01:30:48]} {[%emt 00:00:25]} Nc6 {[%clk 01:31:08]}
{[%emt 00:00:12]} 3. Nf3 {[%clk 01:30:23]} {[%emt 00:00:54]} e6 {[%clk
01:31:36]} {[%emt 00:00:03]} 4. Nc3 {[%clk 01:30:03]} {[%emt 00:00:48]} Bb4
{[%clk 01:32:01]} {[%emt 00:00:06]} 5. Qc2 {[%clk 01:28:22]} {[%emt 00:02:11]}
d6 {[%clk 01:31:57]} {[%emt 00:00:35]} 6. Bd2 {[%clk 01:27:19]} {[%emt
00:01:32]} O-O {[%clk 01:32:08]} {[%emt 00:00:19]} 7. a3 {[%clk 01:27:11]}
{[%emt 00:00:38]} Bxc3 {[%clk 01:32:32]} {[%emt 00:00:06]} 8. Bxc3 {[%clk
01:27:31]} {[%emt 00:00:09]} a5 {[%clk 01:32:54]} {[%emt 00:00:10]} 9. b3
{[%clk 01:21:48]} {[%emt 00:06:12]} Qe7 {[%clk 01:32:37]} {[%emt 00:00:48]} 10.
e4 {[%clk 01:11:04]} {[%emt 00:11:13]} e5 {[%clk 01:32:36]} {[%emt 00:00:32]}
11. d5 {[%clk 01:11:06]} {[%emt 00:00:27]} Nb8 {[%clk 01:33:00]} {[%emt
00:00:07]} 12. Be2 {[%clk 01:08:34]} {[%emt 00:03:01]} Nbd7 {[%clk 01:32:12]}
{[%emt 00:01:19]} 13. Nd2 {[%clk 01:00:11]} {[%emt 00:08:51]} Ne8 {[%clk
01:17:13]} {[%emt 00:15:30]} 14. O-O {[%clk 00:55:27]} {[%emt 00:05:12]} g6
{[%clk 01:14:34]} {[%emt 00:03:10]} 15. b4 {[%clk 00:51:42]} {[%emt 00:04:15]}
b6 {[%clk 01:10:28]} {[%emt 00:04:36]} 16. Rae1 {[%clk 00:31:30]} {[%emt
00:20:41]} Ng7 {[%clk 01:08:06]} {[%emt 00:02:52]} 17. g3 {[%clk 00:24:32]}
{[%emt 00:07:28]} axb4 {[%clk 01:01:03]} {[%emt 00:07:34]} 18. axb4 {[%clk
00:24:33]} {[%emt 00:00:28]} Nf6 {[%clk 00:57:47]} {[%emt 00:03:47]} 19. f4
{[%clk 00:14:21]} {[%emt 00:10:41]} Bh3 {[%clk 00:52:04]} {[%emt 00:06:13]} 20.
fxe5 {[%clk 00:14:03]} {[%emt 00:00:48]} dxe5 {[%clk 00:52:08]} {[%emt
00:00:26]} 21. Rf3 {[%clk 00:11:17]} {[%emt 00:03:14]} Nd7 {[%clk 00:48:43]}
{[%emt 00:03:56]} 22. Qb2 {[%clk 00:09:24]} {[%emt 00:02:23]} h5 {[%clk
00:42:46]} {[%emt 00:06:27]} 23. Bf1 {[%clk 00:07:16]} {[%emt 00:02:37]} Bxf1
{[%clk 00:32:11]} {[%emt 00:11:06]} 24. Rfxf1 {[%clk 00:07:39]} {[%emt
00:00:07]} h4 {[%clk 00:29:21]} {[%emt 00:03:20]} 25. Nf3 {[%clk 00:07:40]}
{[%emt 00:00:29]} hxg3 {[%clk 00:28:41]} {[%emt 00:01:11]} 26. hxg3 {[%clk
00:08:04]} {[%emt 00:00:05]} f6 {[%clk 00:26:25]} {[%emt 00:02:46]} 27. Nh4
{[%clk 00:05:56]} {[%emt 00:02:37]} Qe8 {[%clk 00:23:32]} {[%emt 00:03:23]} 28.
Qe2 {[%clk 00:04:32]} {[%emt 00:01:55]} Ra3 {[%clk 00:21:31]} {[%emt 00:02:32]}
29. Qb2 {[%clk 00:04:46]} {[%emt 00:00:15]} Ra8 {[%clk 00:17:15]} {[%emt
00:04:46]} 30. Qe2 {[%clk 00:05:07]} {[%emt 00:00:09]} g5 {[%clk 00:10:15]}
{[%emt 00:07:31]} 31. Ng2 {[%clk 00:03:43]} {[%emt 00:01:54]} Qh5 {[%clk
00:08:08]} {[%emt 00:02:36]} 32. Qxh5 {[%clk 00:03:12]} {[%emt 00:01:01]} Nxh5
{[%clk 00:08:37]} {[%emt 00:00:02]} 33. g4 {[%clk 00:03:29]} {[%emt 00:00:12]}
Nf4 {[%clk 00:05:40]} {[%emt 00:03:28]} 34. Nxf4 {[%clk 00:03:47]} {[%emt
00:00:12]} gxf4 {[%clk 00:06:02]} {[%emt 00:00:07]} 35. Ra1 {[%clk 00:03:48]}
{[%emt 00:00:29]} Kf7 {[%clk 00:06:17]} {[%emt 00:00:15]} 36. Kg2 {[%clk
00:02:41]} {[%emt 00:01:38]} Rh8 {[%clk 00:05:56]} {[%emt 00:00:51]} 37. Rxa8
{[%clk 00:02:16]} {[%emt 00:00:55]} Rxa8 {[%clk 00:06:26]} 38. Ra1 {[%clk
00:02:35]} {[%emt 00:00:11]} Rxa1 {[%clk 00:05:11]} {[%emt 00:01:45]} 39. Bxa1
{[%clk 00:02:59]} {[%emt 00:00:06]} Nf8 {[%clk 00:04:14]} {[%emt 00:01:27]} 40.
g5 {[%clk 00:00:39]} {[%emt 00:02:50]} Nh7 {[%clk 00:04:33]} {[%emt 00:00:11]}
41. gxf6 {[%clk 00:21:07]} {[%emt 00:10:01]} Kxf6 {[%clk 00:35:01]} {[%emt
00:00:02]} 42. c5 {[%clk 00:16:50]} {[%emt 00:04:46]} bxc5 {[%clk 00:34:30]}
{[%emt 00:01:02]} 43. bxc5 {[%clk 00:16:57]} {[%emt 00:00:23]} Ng5 {[%clk
00:33:44]} {[%emt 00:01:16]} 44. d6 {[%clk 00:11:43]} {[%emt 00:05:43]} c6
{[%clk 00:28:34]} {[%emt 00:05:40]} 45. Bb2 {[%clk 00:10:46]} {[%emt 00:01:27]}
Ke6 {[%clk 00:22:44]} {[%emt 00:06:20]} 46. Ba1 {[%clk 00:06:07]} {[%emt
00:05:09]} f3+ {[%clk 00:22:39]} {[%emt 00:00:35]} 47. Kh2 {[%clk 00:01:22]}
{[%emt 00:05:15]} Nxe4 {[%clk 00:22:17]} {[%emt 00:00:51]} 48. d7 {[%clk
00:00:50]} {[%emt 00:01:02]} Kxd7 {[%clk 00:22:31]} {[%emt 00:00:16]} 49. Bxe5
{[%clk 00:01:15]} {[%emt 00:00:05]} Ke6 {[%clk 00:20:32]} {[%emt 00:02:30]} 50.
Bd4 {[%clk 00:01:25]} {[%emt 00:00:19]} Kd5 {[%clk 00:20:42]} {[%emt 00:00:21]}
51. Be3 {[%clk 00:01:48]} {[%emt 00:00:07]} 0-1

[Event "Tournoi International du Pays de Charleroi 2018"]
[Site "Roux, Belgium"]
[Date "2018.07.28"]
[Round "1.13"]
[White "Van Der Meiden, Dirk"]
[Black "Le Quang, Kim"]
[Result "0-1"]
[BlackTitle "FM"]
[WhiteElo "2018"]
[BlackElo "2261"]

1. e4 {[%clk 01:30:54]} {[%emt 00:00:06]} c5 {[%clk 01:29:25]} {[%emt
00:01:36]} 2. Nf3 {[%clk 01:31:08]} {[%emt 00:00:15]} d6 {[%clk 01:29:35]}
{[%emt 00:00:20]} 3. d4 {[%clk 01:31:30]} {[%emt 00:00:08]} cxd4 {[%clk
01:29:59]} {[%emt 00:00:07]} 4. Nxd4 {[%clk 01:31:47]} {[%emt 00:00:12]} Nf6
{[%clk 01:30:22]} {[%emt 00:00:07]} 5. Nc3 {[%clk 01:32:12]} {[%emt 00:00:06]}
Nc6 {[%clk 01:30:18]} {[%emt 00:00:34]} 6. Bc4 {[%clk 01:26:40]} {[%emt
00:06:02]} e6 {[%clk 01:29:59]} {[%emt 00:00:49]} 7. Bb3 {[%clk 01:25:37]}
{[%emt 00:01:33]} a6 {[%clk 01:29:19]} {[%emt 00:01:11]} 8. O-O {[%clk
01:25:16]} {[%emt 00:00:51]} Qc7 {[%clk 01:27:49]} {[%emt 00:01:59]} 9. Bg5
{[%clk 01:21:42]} {[%emt 00:04:03]} Be7 {[%clk 01:26:06]} {[%emt 00:02:14]} 10.
Qd2 {[%clk 01:16:59]} {[%emt 00:05:14]} O-O {[%clk 01:17:06]} {[%emt 00:09:30]}
11. Rad1 {[%clk 01:11:35]} {[%emt 00:05:54]} Na5 {[%clk 01:12:15]} {[%emt
00:05:21]} 12. f4 {[%clk 01:08:07]} {[%emt 00:03:58]} b5 {[%clk 01:01:02]}
{[%emt 00:11:44]} 13. a3 {[%clk 00:56:18]} {[%emt 00:12:18]} Nxb3 {[%clk
00:54:39]} {[%emt 00:06:54]} 14. cxb3 {[%clk 00:54:10]} {[%emt 00:02:38]} Bb7
{[%clk 00:51:11]} {[%emt 00:03:58]} 15. f5 {[%clk 00:53:19]} {[%emt 00:01:20]}
Qd7 {[%clk 00:37:57]} {[%emt 00:13:44]} 16. g4 {[%clk 00:45:07]} {[%emt
00:08:42]} Nxg4 {[%clk 00:24:54]} {[%emt 00:13:33]} 17. Qf4 {[%clk 00:41:46]}
{[%emt 00:03:50]} Nf6 {[%clk 00:07:49]} {[%emt 00:17:35]} 18. Nf3 {[%clk
00:37:28]} {[%emt 00:04:48]} e5 {[%clk 00:05:32]} {[%emt 00:02:48]} 19. Nxe5
{[%clk 00:29:59]} {[%emt 00:07:58]} Qc7 {[%clk 00:03:42]} {[%emt 00:02:20]} 20.
Nd3 {[%clk 00:15:12]} {[%emt 00:15:17]} Nh5 {[%clk 00:03:55]} {[%emt 00:00:17]}
21. Qh4 {[%clk 00:14:31]} {[%emt 00:01:11]} Bxg5 {[%clk 00:04:18]} {[%emt
00:00:07]} 22. Qxg5 {[%clk 00:14:08]} {[%emt 00:00:52]} Nf6 {[%clk 00:04:42]}
{[%emt 00:00:07]} 23. Rf2 {[%clk 00:12:04]} {[%emt 00:02:34]} Qb6 {[%clk
00:04:28]} {[%emt 00:00:44]} 24. Nf4 {[%clk 00:11:02]} {[%emt 00:01:32]} Rfe8
{[%clk 00:01:51]} {[%emt 00:03:08]} 25. Re1 {[%clk 00:08:46]} {[%emt 00:02:46]}
Bxe4 {[%clk 00:01:11]} {[%emt 00:01:10]} 26. Nh5 {[%clk 00:09:02]} {[%emt
00:00:14]} Nxh5 {[%clk 00:01:31]} {[%emt 00:00:10]} 27. Nxe4 {[%clk 00:09:16]}
{[%emt 00:00:15]} d5 {[%clk 00:01:39]} {[%emt 00:00:23]} 28. Qxh5 {[%clk
00:07:36]} {[%emt 00:02:09]} Rxe4 {[%clk 00:01:59]} {[%emt 00:00:10]} 29. Rd1
{[%clk 00:06:07]} {[%emt 00:01:59]} Rf4 {[%clk 00:01:50]} {[%emt 00:00:39]} 30.
Rdd2 {[%clk 00:05:11]} {[%emt 00:01:27]} Re8 {[%clk 00:02:04]} {[%emt
00:00:15]} 31. Kg2 {[%clk 00:05:05]} {[%emt 00:00:37]} Rxf2+ {[%clk 00:01:56]}
{[%emt 00:00:38]} 32. Rxf2 {[%clk 00:05:33]} {[%emt 00:00:03]} Qe3 {[%clk
00:02:01]} {[%emt 00:00:25]} 33. f6 {[%clk 00:05:10]} {[%emt 00:00:52]} Re5
{[%clk 00:02:16]} {[%emt 00:00:14]} 34. Qf3 {[%clk 00:04:01]} {[%emt 00:01:40]}
Rg5+ {[%clk 00:02:32]} {[%emt 00:00:14]} 35. Kh1 {[%clk 00:04:13]} {[%emt
00:00:19]} Qc1 {[%clk 00:02:13]} {[%emt 00:00:50]} 36. Rf1 {[%clk 00:04:36]}
{[%emt 00:00:06]} Qxb2 {[%clk 00:02:22]} {[%emt 00:00:21]} 37. fxg7 {[%clk
00:04:48]} {[%emt 00:00:18]} Qxg7 {[%clk 00:02:27]} {[%emt 00:00:25]} 38. Rc1
{[%clk 00:03:38]} {[%emt 00:01:40]} Qd4 {[%clk 00:01:32]} {[%emt 00:01:25]} 39.
Re1 {[%clk 00:03:17]} {[%emt 00:00:52]} Kg7 {[%clk 00:01:37]} {[%emt 00:00:24]}
40. h3 {[%clk 00:03:04]} {[%emt 00:00:44]} Qf6 {[%clk 00:01:28]} {[%emt
00:00:39]} 0-1